MARC

LEADER 00000nab a2200000 a 4500
001 vtls000066817
003 SK-MaSNL
005 20260305005955.0
008 111103c1980 xo 0 slo
015 |a SNBRB19rr/mm-uuuuu 
035 |a CL0076917 
040 |a SNKBUCL  |b slo  |c SNKBUCL  |e AACR2 
041 0 |a slo 
044 |a xo  |c SK 
080 |a 82:929:885.4  |2 1981 
080 |a 885.4  |2 1981 
080 |a 92 Chmelová, Elena  |2 1981 
245 0 0 |a Opýtali sme sa.../inc./  |c (ra), Elena Chmelová 
600 1 7 |a Benka, Martin,  |d 1888-1971  |2 snkbucl  |9 100354 
600 1 7 |a Chmelová, Elena,  |d 1920-1995  |2 snkbucl  |9 163974 
650 0 7 |a literatúra faktu  |2 snkbucl  |9 18459 
650 0 7 |a literatúra pre deti a mládež  |2 snkbucl  |9 21893 
655 7 |a rozhovory  |2 snkbucl  |9 31831 
655 7 |a články z odboru literárna veda a krásna literatúra  |2 snkbucl  |9 770045 
655 7 |a články z novín a časopisov  |2 snkbucl  |9 267496 
700 1 |a Chmelová, Elena,  |d 1920-1995  |4 aut  |4 ive  |9 163974 
773 0 |t Večerník  |g Roč. 25, č. 177 (9. 9. 1980), s. /5/ 
850 |a Slovenská národná knižnica v Martine  |a MTA001 
852 |a SNK  |b KIS3GCP 
958 |a RK 
958 |a LX 
992 |a RBX 
999 |c 3243840  |d 3245770